| 000 | 00686nam a2200193Ia 4500 | ||
|---|---|---|---|
| 003 | GCL | ||
| 008 | 140319s9999 xx 000 0 ara d | ||
| 040 |
_aGCL / _cGCL |
||
| 082 | 0 | 4 |
_a338.27282 _bح ن |
| 100 | 1 | _aحكمت سامى سليمان | |
| 245 | 1 | 0 |
_aنفط العراق: دراسة سياسية واقتصادية / _cحكمت سامى سليمان |
| 300 | _a223 ص | ||
| 490 |
_aالهيئة العامة للاستعلامات _v0 |
||
| 650 | 0 | 4 | _aالعراق |
| 650 | 0 | 4 | _aالبترول - اتفاقيات - العراق |
| 650 | 0 | 4 | _aالبترول - استهلاك - العراق |
| 650 | 0 | 4 | _aالبترول - اقتصاديات - العراق |
| 942 |
_2ddc _cBK |
||
| 999 |
_c50515 _d50515 |
||